[Event "Mittelfranken-chTB2a 1617"]
[Site "Mittelfranken"]
[Date "2017.01.22"]
[Round "5.3"]
[White "Ludwig, Michael"]
[Black "Lange, Carsten"]
[Result "1/2-1/2"]
[WhiteElo "1891"]
[BlackElo "1858"]
[PlyCount "94"]
[EventDate "2016.10.23"]
[EventType "team-tourn"]
[EventRounds "9"]
[EventCountry "GER"]
[SourceTitle "EXT 2022"]
[Source "ChessBase"]
[SourceDate "2021.10.06"]
[SourceVersion "1"]
[SourceVersionDate "2021.10.06"]
[SourceQuality "1"]
[WhiteTeam "Buechenbach/Roth II"]
[BlackTeam "Zirndorf II"]
[WhiteTeamCountry "GER"]
[BlackTeamCountry "GER"]

1. e4 c5 2. d4 cxd4 3. c3 d3 4. Bxd3 Nc6 5. c4 g6 6. Nf3 Bg7 7. 0-0 d6 8. h3 Nf6 9. Nc3 0-0 10. Bg5 Be6 11. Nd5 Nd7 12. Rb1 Rc8 13. b4 h6 14. Be3 b6 15. Nf4 Nde5 16. Nxe6 fxe6 17. Nxe5 Nxe5 18. Rc1 Qe8 19. f4 Nxd3 20. Qxd3 Kh7 21. Rf3 e5 22. f5 g5 23. g4 Bf6 24. Rf2 Rc7 25. Rfc2 Qb8 26. Kf2 Kg7 27. Kf3 Rfc8 28. Qd2 b5 29. h4 Rxc4 30. hxg5 hxg5 31. Bxg5 Rxc2 32. Bxf6+ exf6 33. Rxc2 Rxc2 34. Qxc2 Qb7 35. Qd2 Qe7 36. Qd5 Qd7 37. Qd2 Qe7 38. Qd5 Qd7 39. Kg3 Kf8 40. Qa8+ Kg7 41. Qd5 a6 42. Qd2 Qc6 43. Kf3 Qc4 44. Qe3 d5 45. Qa7+ Kf8 46. Qa8+ Ke7 47. Qb7+ Kf8 1/2-1/2

[Event "Mittelfranken-chTB2a 1516"]
[Site "Mittelfranken"]
[Date "2015.11.22"]
[Round "3.2"]
[White "Lange, Carsten"]
[Black "Lechner, Hans Dieter"]
[Result "1-0"]
[WhiteElo "1894"]
[BlackElo "1778"]
[PlyCount "83"]
[EventDate "2015.10.18"]
[EventType "team-tourn"]
[EventRounds "9"]
[EventCountry "GER"]
[SourceTitle "EXT 2020"]
[Source "ChessBase"]
[SourceDate "2019.10.17"]
[SourceVersion "1"]
[SourceVersionDate "2019.10.17"]
[SourceQuality "1"]
[WhiteTeam "Zirndorf II"]
[BlackTeam "Bechhofen II"]
[WhiteTeamCountry "GER"]
[BlackTeamCountry "GER"]

1. Nf3 d5 2. c4 e6 3. g3 Nf6 4. Bg2 Nc6 5. d4 Be7 6. 0-0 0-0 7. Nc3 b6 8. Ne5 Bb7 9. Bf4 Nxe5 10. dxe5 Ne4 11. Nxe4 dxe4 12. Qc2 Bc5 13. Rad1 Qe7 14. Bxe4 Bxe4 15. Qxe4 Rad8 16. Qc2 Rxd1 17. Rxd1 Rd8 18. Rd3 h6 19. Qd1 Rxd3 20. Qxd3 c6 21. Kg2 Qc7 22. h4 Be7 23. h5 Qd8 24. Qxd8+ Bxd8 25. Kf3 Kf8 26. Bd2 Be7 27. Ke4 Ke8 28. f4 f5+ 29. exf6 Bxf6 30. b3 Kf7 31. g4 Bb2 32. g5 g6 33. hxg6+ Kxg6 34. gxh6 Bh8 35. a4 Bf6 36. a5 bxa5 37. Be3 a6 38. Bd4 Bd8 39. e3 Bc7 40. Be5 Bb6 41. Bd6 Kxh6 42. c5 1-0

[Event "Pyramiden Franken Cup"]
[Site "Fuerth"]
[Date "2015.09.04"]
[Round "2"]
[White "Reis, Gerhard"]
[Black "Lange, Carsten"]
[Result "1-0"]
[WhiteElo "2197"]
[BlackElo "2055"]
[PlyCount "65"]
[EventDate "2015.09.03"]
[EventType "swiss"]
[EventRounds "7"]
[EventCountry "GER"]
[SourceTitle "EXT 2016"]
[Source "ChessBase"]
[SourceDate "2015.10.08"]
[SourceVersion "1"]
[SourceVersionDate "2015.10.08"]
[SourceQuality "1"]

1. Nf3 Nf6 2. c4 g6 3. Nc3 d5 4. cxd5 Nxd5 5. Qa4+ Nc6 6. Ne5 Nxc3 7. dxc3 Bd7 8. Nxd7 Qxd7 9. e4 Bg7 10. Bb5 0-0 11. 0-0 Rfd8 12. Bf4 e5 13. Bg5 f6 14. Be3 a6 15. Bc4+ Kh8 16. Rfd1 Qe8 17. Bd5 Bf8 18. b4 b5 19. Qb3 Bd6 20. a4 Rab8 21. axb5 axb5 22. h4 Kg7 23. Rd3 Ne7 24. Be6 Ra8 25. Rad1 Qc6 26. f3 Ra6 27. Qc2 Rda8 28. Qd2 Ra1 29. Bh6+ Kh8 30. Rxa1 Rxa1+ 31. Kh2 Qa6 32. Bf8 Qc6 33. Qh6 1-0

[Event "Pyramiden Franken Cup"]
[Site "Fuerth"]
[Date "2015.09.03"]
[Round "1"]
[White "Lange, Carsten"]
[Black "Mons, Leon"]
[Result "1/2-1/2"]
[WhiteElo "2055"]
[BlackElo "2464"]
[PlyCount "119"]
[EventDate "2015.09.03"]
[EventType "swiss"]
[EventRounds "7"]
[EventCountry "GER"]
[SourceTitle "EXT 2016"]
[Source "ChessBase"]
[SourceDate "2015.10.08"]
[SourceVersion "1"]
[SourceVersionDate "2015.10.08"]
[SourceQuality "1"]

1. Nf3 d5 2. c4 e6 3. g3 Nf6 4. Bg2 d4 5. 0-0 c5 6. d3 Nc6 7. Na3 Bd6 8. Nc2 0-0 9. a3 a5 10. b3 e5 11. Rb1 h6 12. e3 Bf5 13. e4 Bg4 14. h3 Be6 15. Bd2 Qd7 16. Kh2 Rfb8 17. b4 cxb4 18. axb4 b5 19. cxb5 Rxb5 20. bxa5 Nxa5 21. Rxb5 Qxb5 22. Ncxd4 exd4 23. Nxd4 Qa6 24. Nxe6 fxe6 25. e5 Bxe5 26. Bxa8 Qxa8 27. Qa4 Bc7 28. Bxa5 Qxa5 29. Qxa5 Bxa5 30. Ra1 Bb6 31. Kg2 Kf7 32. Rb1 Nd5 33. Kf3 Kf6 34. Rc1 g5 35. Rc4 h5 36. Re4 Kf5 37. Rc4 Bd8 38. Re4 Ba5 39. Rc4 Be1 40. Ke2 Bc3 41. Kf3 Bb2 42. Rc2 Bd4 43. Rc4 e5 44. Rc6 Nf6 45. Rc2 g4+ 46. Kg2 Nd5 47. hxg4+ hxg4 48. Rc8 Nb4 49. Rf8+ Ke6 50. f4 Nxd3 51. fxe5 Bxe5 52. Rg8 Kf5 53. Rd8 Ne1+ 54. Kf2 Nc2 55. Rf8+ Bf6 56. Rc8 Bd4+ 57. Ke2 Ne3 58. Rf8+ Kg6 59. Rf4 Bc5 60. Re4 1/2-1/2

[Event "Pyramiden Franken Cup"]
[Site "Fuerth"]
[Date "2014.09.07"]
[Round "7"]
[White "Walter, Thomas"]
[Black "Lange, Carsten"]
[Result "1-0"]
[WhiteElo "2116"]
[BlackElo "2049"]
[PlyCount "91"]
[EventDate "2014.09.04"]
[EventType "swiss"]
[EventRounds "7"]
[EventCountry "GER"]
[SourceTitle "CBM 162 Extra"]
[Source "ChessBase"]
[SourceDate "2014.10.17"]
[SourceVersion "1"]
[SourceVersionDate "2014.10.17"]
[SourceQuality "1"]

1. e4 c5 2. Nf3 e6 3. d4 cxd4 4. Bg5 Qc7 5. c3 d3 6. Bxd3 Nc6 7. Qe2 d6 8. Na3 a6 9. 0-0 Be7 10. Rad1 Nf6 11. Bb1 b5 12. Nc2 Bb7 13. Ncd4 Rd8 14. Rfe1 0-0 15. Qc2 g6 16. Nxc6 Bxc6 17. Nd4 Bb7 18. a4 e5 19. Nf3 Bc6 20. axb5 Bxb5 21. Ba2 Bc4 22. Bxc4 Qxc4 23. b3 Qc6 24. c4 Rb8 25. Bxf6 Bxf6 26. Rd5 Rfc8 27. Red1 Be7 28. g4 Qb6 29. R1d3 Qb4 30. Qa2 Rc6 31. Kg2 Rbb6 32. h4 Rc5 33. Rxc5 Qxc5 34. g5 Qc6 35. Rd5 Qc8 36. Kg3 Qb7 37. c5 dxc5 38. Nxe5 Bd6 39. Kg2 Bxe5 40. Rxe5 Rxb3 41. Re8+ Kg7 42. Qa1+ Rb2 43. Qa3 Qb4 44. Qf3 Qd4 45. e5 Rb6 46. Qf6+ 1-0

[Event "Pyramiden Franken Cup"]
[Site "Fuerth"]
[Date "2014.09.06"]
[Round "5"]
[White "Lange, Carsten"]
[Black "Zuehlke, Burkhard"]
[Result "1/2-1/2"]
[WhiteElo "2049"]
[BlackElo "2086"]
[PlyCount "130"]
[EventDate "2014.09.04"]
[EventType "swiss"]
[EventRounds "7"]
[EventCountry "GER"]
[SourceTitle "CBM 162 Extra"]
[Source "ChessBase"]
[SourceDate "2014.10.17"]
[SourceVersion "1"]
[SourceVersionDate "2014.10.17"]
[SourceQuality "1"]

1. c4 Nf6 2. g3 g6 3. Bg2 Bg7 4. Nc3 d6 5. d3 0-0 6. e3 e5 7. Nge2 c6 8. 0-0 Bg4 9. Qb3 Qc7 10. Bd2 Re8 11. Rfe1 Nbd7 12. Rac1 Rad8 13. Qc2 Nf8 14. h3 Be6 15. e4 Qd7 16. Kh2 d5 17. cxd5 cxd5 18. Bg5 d4 19. Nd5 Rc8 20. Qb3 Bxd5 21. exd5 b6 22. Rc6 Rxc6 23. dxc6 Qd6 24. Qc4 Rd8 25. Rc1 Ne6 26. Bd2 Bf8 27. f4 Nh5 28. Rf1 Bg7 29. f5 gxf5 30. Rxf5 Nf6 31. Rf1 Rc8 32. b4 Nc7 33. Kg1 Nfd5 34. b5 Rd8 35. g4 Qg6 36. Be4 Qe6 37. Bf5 Qe7 38. Ng3 Qh4 39. Kg2 Bh6 40. Bxh7+ Kxh7 41. Nf5 Bxd2 42. Nxh4 Ne3+ 43. Kg1 Nxc4 44. Rxf7+ Kg8 45. Rxc7 Be3+ 46. Kg2 Nd6 47. Rd7 Rxd7 48. cxd7 Bg5 49. Nf3 Bf6 50. Nxe5 Nb7 51. Nc6 Kf7 52. Nxa7 Ke6 53. Kf3 Nc5 54. Nc6 Kxd7 55. Kf4 Ke6 56. Nb4 Bh4 57. g5 Be1 58. Nc6 Bd2+ 59. Kg4 Be3 60. Nb4 Nd7 61. h4 Ne5+ 62. Kg3 Bd2 63. Nc6 Be1+ 64. Kh3 Nxd3 65. Nxd4+ Kd5 1/2-1/2

[Event "Nuremberg LGA Cup 8th"]
[Site "Nuremberg"]
[Date "2011.09.10"]
[Round "5"]
[White "Lange, Carsten"]
[Black "Reis, Gerhard"]
[Result "1/2-1/2"]
[WhiteElo "2056"]
[BlackElo "2228"]
[PlyCount "72"]
[EventDate "2011.09.08"]
[EventType "swiss"]
[EventRounds "7"]
[EventCountry "GER"]
[SourceTitle "CBM 144 Extra"]
[Source "ChessBase"]
[SourceDate "2011.10.28"]
[SourceVersion "1"]
[SourceVersionDate "2011.10.28"]
[SourceQuality "1"]

1. g3 d5 2. Nf3 Nf6 3. Bg2 c6 4. c4 dxc4 5. Qc2 g6 6. Qxc4 Bg7 7. 0-0 Be6 8. Qc2 Qa5 9. Nc3 Qh5 10. d4 h6 11. Re1 Nbd7 12. e4 Bh3 13. Bh1 Ng4 14. Ne2 g5 15. Bd2 c5 16. Rac1 0-0 17. Bc3 Rac8 18. Qb3 cxd4 19. Nexd4 Nge5 20. Bb4 Bf6 21. Rc2 Nxf3+ 22. Nxf3 g4 23. Nd2 Rxc2 24. Qxc2 Qb5 25. Qc4 Qxc4 26. Nxc4 Rc8 27. b3 b5 28. Ne3 Ne5 29. Rd1 e6 30. f4 gxf3 31. Kf2 Ng4+ 32. Nxg4 Bxg4 33. Bxf3 Rc2+ 34. Rd2 Bd4+ 35. Kg2 Rxd2+ 36. Bxd2 Bxf3+ 1/2-1/2

[Event "Mittelfranken-chTB2a 0910"]
[Site "Mittelfranken"]
[Date "2009.12.06"]
[Round "4.5"]
[White "Lange, Carsten"]
[Black "Braun, Michael1111"]
[Result "1/2-1/2"]
[WhiteElo "1860"]
[BlackElo "1666"]
[PlyCount "52"]
[EventDate "2009.10.11"]
[EventType "team-tourn"]
[EventRounds "9"]
[EventCountry "GER"]
[SourceTitle "EXT 2011"]
[Source "ChessBase"]
[SourceDate "2010.11.26"]
[SourceVersion "1"]
[SourceVersionDate "2010.11.26"]
[SourceQuality "1"]
[WhiteTeam "Zirndorf II"]
[BlackTeam "Buechenbach/Roth III"]
[WhiteTeamCountry "GER"]
[BlackTeamCountry "GER"]

1. Nf3 d5 2. c4 c6 3. g3 Bf5 4. cxd5 cxd5 5. Nc3 Nf6 6. Qb3 Qd7 7. Ne5 Qc7 8. d4 Nc6 9. Bf4 Qb6 10. Qxb6 axb6 11. g4 Be6 12. Bg2 Ra5 13. 0-0 h6 14. a3 Nxd4 15. b4 Ra8 16. Rfd1 Rc8 17. Rxd4 Rxc3 18. Bd2 Rc2 19. Rc1 Rxc1+ 20. Bxc1 g5 21. b5 Bg7 22. Ra4 0-0 23. Be3 Nd7 24. Nxd7 Bxd7 25. Bxd5 Bxb5 26. Rb4 Bxe2 1/2-1/2

[Event "Nuremberg LGA Cup 6th"]
[Site "Nuremberg"]
[Date "2009.09.06"]
[Round "6"]
[White "Lange, Carsten"]
[Black "Deinlein, Albert"]
[Result "1-0"]
[WhiteElo "2093"]
[BlackElo "1942"]
[PlyCount "80"]
[EventDate "2009.09.03"]
[EventType "swiss"]
[EventRounds "7"]
[EventCountry "GER"]
[SourceTitle "CBM 132 Extra"]
[Source "ChessBase"]
[SourceDate "2009.11.03"]
[SourceVersion "1"]
[SourceVersionDate "2009.11.03"]
[SourceQuality "1"]

1. Nf3 d5 2. c4 e6 3. g3 Nf6 4. Bg2 Nc6 5. b3 Bc5 6. Bb2 d4 7. 0-0 0-0 8. d3 e5 9. Na3 Qe7 10. Nc2 Re8 11. Re1 Nb4 12. a3 Nxc2 13. Qxc2 a5 14. Nd2 c6 15. Nf1 Be6 16. e3 Qd7 17. Rad1 Bh3 18. Re2 Bxg2 19. Kxg2 Qd6 20. a4 Rac8 21. e4 Qd7 22. Bc1 b5 23. h3 Be7 24. f4 Bd6 25. Nh2 bxa4 26. bxa4 c5 27. Bd2 Qc7 28. f5 Rb8 29. Ree1 Rb7 30. Rb1 Reb8 31. Rb5 Rxb5 32. axb5 Nd7 33. Ra1 Ra8 34. Ra4 Qb6 35. Qa2 Bc7 36. Nf3 f6 37. Ne1 g6 38. g4 Kg7 39. Nc2 g5 40. Na1 Qb8 1-0

[Event "Mittelfranken-chTB1 0809"]
[Site "Mittelfranken"]
[Date "2009.01.11"]
[Round "4.8"]
[White "Lais, Thomas"]
[Black "Lange, Carsten"]
[Result "1-0"]
[WhiteElo "1796"]
[BlackElo "1860"]
[PlyCount "77"]
[EventDate "2008.10.12"]
[EventType "team"]
[EventRounds "9"]
[EventCountry "GER"]
[SourceTitle "EXT 2011"]
[Source "ChessBase"]
[SourceDate "2010.11.26"]
[SourceVersion "1"]
[SourceVersionDate "2010.11.26"]
[SourceQuality "1"]
[WhiteTeam "Nuernberg Sued SW II"]
[BlackTeam "Zirndorf II"]
[WhiteTeamCountry "GER"]
[BlackTeamCountry "GER"]

1. e4 c5 2. Nf3 e6 3. d4 cxd4 4. Nxd4 Nc6 5. Nc3 a6 6. Be3 Qc7 7. a3 Nf6 8. f4 d6 9. Bd3 Be7 10. 0-0 h5 11. h3 b5 12. Nxc6 Qxc6 13. e5 Bb7 14. Qe2 Nd5 15. Be4 Qc7 16. Nxd5 exd5 17. exd6 Bxd6 18. Bf5 Kf8 19. Qf2 Rh6 20. Bd3 Rf6 21. g3 Rc8 22. Rae1 Qc6 23. Bd4 Bc5 24. Bxc5+ Qxc5 25. Qxc5+ Rxc5 26. Re5 g6 27. f5 Rc7 28. fxg6 Rxf1+ 29. Kxf1 Kg7 30. Rxh5 fxg6 31. Re5 Kf6 32. Re8 Rh7 33. h4 Rg7 34. Rf8+ Ke5 35. Rf4 Bc8 36. Kf2 g5 37. Rf8 Bb7 38. h5 g4 39. h6 1-0

[Event "Mittelfrankenliga-B1 0708"]
[Site "Mittelfranken"]
[Date "2008.02.17"]
[Round "6.5"]
[White "Lange, Carsten"]
[Black "Kirchner, Norbert"]
[Result "0-1"]
[WhiteElo "1869"]
[BlackElo "2042"]
[PlyCount "82"]
[EventDate "2007.10.14"]
[EventType "team-tourn"]
[EventRounds "9"]
[EventCountry "GER"]
[SourceTitle "EXT 2011"]
[Source "ChessBase"]
[SourceDate "2010.11.26"]
[SourceVersion "1"]
[SourceVersionDate "2010.11.26"]
[SourceQuality "1"]
[WhiteTeam "Zirndorf II"]
[BlackTeam "Buechenbach/Roth"]
[WhiteTeamCountry "GER"]
[BlackTeamCountry "GER"]

1. Nf3 d5 2. c4 c6 3. g3 Nf6 4. Bg2 dxc4 5. Qc2 b5 6. b3 cxb3 7. axb3 Bb7 8. Ba3 a5 9. 0-0 b4 10. Bb2 e6 11. Ne5 Ra6 12. d4 Bd6 13. Nd2 Bxe5 14. dxe5 Nd5 15. Nc4 0-0 16. Rfd1 Qc7 17. e4 Ne7 18. Nd6 Nd7 19. Bf1 Raa8 20. Rac1 Ba6 21. Bxa6 Rxa6 22. Qd3 Nb8 23. Qc4 h6 24. f4 Ra8 25. Bd4 Na6 26. f5 exf5 27. exf5 Qd7 28. Nxf7 Qd5 29. Qxd5 cxd5 30. Nd6 Nxf5 31. Nxf5 Rxf5 32. Kg2 Kf7 33. Rc6 Ke7 34. Rd6 Nc7 35. Bb6 Ne6 36. R1xd5 a4 37. bxa4 Rxa4 38. Rd7+ Kf8 39. Bd8 Ra2+ 40. Kh3 h5 41. Be7+ Ke8 0-1